Bases para el diseño y desarrollo de un programa maestro de producción con aplicación a una empresa de herrajes /

-д хадгалсан:
Номзүйн дэлгэрэнгүй
Үндсэн зохиолч: Adame Gómez, Jonathán Esaú (autor)
Формат: Дипломын ажил Ном
Хэл сонгох:испани
Нөхцлүүд:
Шошгууд: Шошго нэмэх
Шошго байхгүй, Энэхүү баримтыг шошголох эхний хүн болох!

MARC

LEADER 00000nam^a2200000^a^4500
001 000181230
005 20250521000000.0
009 20260310101925.863
037 |a Acervo ITESO - Biblioteca 
041 |a ESP 
090 |a IIN. 513 
100 |a Adame Gómez, Jonathán Esaú  |e (autor) 
245 1 0 |a Bases para el diseño y desarrollo de un programa maestro de producción con aplicación a una empresa de herrajes /  |c J.E. Adame Gómez. 
264 |a Guadalajara, México :  |b edición de autor,  |c 2005 
300 |a 1 disco compacto de computadora 
336 |a datos para computadora  |b cod  |2 rdacontenido 
337 |a computadora  |b c  |2 rdamedio 
338 |a disco de computadora  |b cd  |2 rdasoporte 
502 |a ITESO Tesis de Licenciatura en Ingeniería Industrial 
649 |a XX 
650 |a Herrería -  |x Industria y Comercio 
650 |a Diseño del Producto 
650 |a Proceso de Producción 
650 |a Administración del Producto 
650 |a Ingeniería Industrial 
910 |a Fondo General 
920 |a Electrónicos - Tesis del ITESO en Disco 
905 |a 202 
901 |a 0500120887  |b IT2  |c STS  |u 20250521 
902 |a https://opac.biblio.iteso.mx/vufind/Record/000181230